Opportunities Inglés 3º Medio Teacher's guide
Saved in:
| Main Author: | |
|---|---|
| Other Authors: | |
| Format: | Book |
| Language: | English |
| Published: |
Santiago
Pearson Education
2002
|
| Edition: | 1a. ed |
| Subjects: | |
| Tags: |
Add Tag
No Tags, Be the first to tag this record!
|
MARC
| LEADER | 00000nam a2200000 a 4500 | ||
|---|---|---|---|
| 001 | UCI7794 | ||
| 003 | CL-VaPUC | ||
| 008 | 080725e20020000CL |||||||||||||||||eng|d | ||
| 020 | |a 0582794889 | ||
| 082 | 0 | 4 | |a 420.712 |b HAR |2 21 |
| 100 | |a Harris, Michael |e author |9 569636 | ||
| 700 | |a Mower, David |e autor |9 531086 | ||
| 245 | 1 | 0 | |a Opportunities Inglés 3º Medio Teacher's guide |
| 250 | |a 1a. ed | ||
| 300 | |a 72 p | ||
| 942 | |c BK | ||
| 945 | |d 20080725 00:00:00 |a rbrito | ||
| 260 | |a Santiago |b Pearson Education |c 2002 | ||
| 650 | 0 | |a Enseñanza del inglés |9 367340 | |
| 650 | 0 | |a Métodos de enseñanza |9 270413 | |
| 650 | 0 | |a Comprensión |9 339377 | |
| 650 | 0 | |a Enseñanza de idiomas |9 339820 | |
| 583 | |a last modification |c 20130618 05:15:57 |k Rodrigo Vera | ||
| 999 | |c 330940 |d 330938 | ||
| 952 | |0 0 |1 0 |4 0 |6 420_712000000000000_HAR_2002 |7 0 |8 A |9 416896 |a BIBEDU |b BIBEDU |d 2019-11-22 |i 4466780 |l 1 |o 420.712 HAR 2002 |p 4466780 |r 2023-08-31 |s 2023-08-31 |w 2019-11-22 |y BK |k LIT | ||
| 952 | |0 0 |1 0 |4 0 |6 420_712000000000000_HAR_2002 |7 0 |8 A |9 416897 |a BIBEDU |b BIBEDU |d 2019-11-22 |i 4466799 |o 420.712 HAR 2002 |p 4466799 |r 2019-11-22 |w 2019-11-22 |y BK |k LIT | ||
| 952 | |0 0 |1 0 |4 0 |6 420_712000000000000_HAR_2002 |7 0 |8 A |9 416898 |a BIBEDU |b BIBEDU |d 2019-11-22 |i 4466802 |l 1 |o 420.712 HAR 2002 |p 4466802 |r 2023-05-10 |s 2023-05-09 |w 2019-11-22 |y BK |k LIT | ||